Roundest Countries - Statistics

General Stats
  • This quiz has been taken 40 times
  • The average score is 9 of 15
Answers on the Map
Answers color-coded by a green-red scale on the quiz's map according to % correct below.
 
Answer Stats
Continent Roundness Answer % Correct
Europe 0.881 Kosovo
79%
America 0.894 Uruguay
79%
Africa 0.915 Zimbabwe
79%
Africa 0.934 Sierra Leone
74%
Africa 0.896 Swaziland
74%
Europe 0.894 Romania
71%
Europe 0.886 San Marino
71%
Europe 0.903 Poland
68%
Europe 0.908 Vatican City
66%
Africa 0.888 Ethiopia
58%
Oceania 0.923 Nauru
58%
Africa 0.886 Botswana
50%
America 0.897 Surinam
42%
Africa 0,891 Sudan
37%
Africa 0.899 Ivory Coast
32%
No matching quizzes found
Score Distribution
Percent of People with Each Score
Percentile by Number Answered
Your Score History
You have not taken this quiz